Pokémon Aleatorios por Imagen 3 - Estadísticas

Estadísticas generales
  • Esta prueba ha sido intentada 267 veces
  • La puntuación promedio es 9 de 20
Estadísticas de respuestas
Imagen Respuesta % Correcto
Eternatus
100%
Ursaluna
94%
Basculegion
93%
Zacian
90%
Maushold
89%
Dragapult
88%
Fuecoco
88%
Toxel
88%
Cursola
86%
Miraidon
85%
Corviknight
83%
Sprigatito
79%
Zamazenta
79%
Ferropalmas
78%
Applin
77%
Cetitan
75%
Gholdengo
75%
Grimmsnarl
75%
Polteageist
75%
Regieleki
75%
Rillaboom
75%
Annihilape
73%
Calyrex
73%
Koraidon
73%
Sandaconda
73%
Inteleon
72%
Baxcalibur
71%
Charcadet
71%
Enamorus
71%
Runerigus
71%
Urshifu
71%
Wyrdeer
71%
Dondozo
70%
Grookey
70%
Cinderace
69%
Flamigo
69%
Dracovish
67%
Frosmoth
67%
Houndstone
67%
Kleavor
67%
Melenaleteo
67%
Obstagoon
67%
Pawmo
67%
Sinistea
67%
Sirfetch’d
67%
Sneasler
67%
Kingambit
63%
Orbeetle
63%
Perrserker
63%
Arboliva
62%
Clodsire
62%
Ferropolilla
62%
Centiskorch
60%
Corvisquire
60%
Fidough
60%
Glimmora
60%
Mabosstiff
60%
Mr. Rime
60%
Quaquaval
60%
Kubfu
59%
Regidrago
59%
Chewtle
58%
Hatenna
58%
Nacli
58%
Skeledirge
58%
Smoliv
58%
Zarude
58%
Armarouge
57%
Pawmi
57%
Tatsugiri
57%
Wiglett
57%
Coalossal
56%
Falinks
56%
Hatterene
56%
Sizzlipede
56%
Chien-Pao
55%
Dreepy
55%
Sobble
55%
Terapagos
55%
Ferropaladín
54%
Crocalor
53%
Indeedee
53%
Pawmot
53%
Arrokuda
50%
Cramorant
50%
Cufant
50%
Cyclizar
50%
Duraludon
50%
Eldegoss
50%
Farigiraf
50%
Gimmighoul
50%
Gossifleur
50%
Meowscarada
50%
Morpeko
50%
Ogerpon
50%
Quaxly
50%
Scorbunny
50%
Scovillain
50%
Skwovet
50%
Tinkaton
50%
Wooloo
50%
Alcremie
47%
Yamper
47%
Ferrocuello
46%
Flamariete
46%
Tinkatuff
46%
Arctovish
45%
Barraskewda
45%
Brambleghast
45%
Toedscool
45%
Ferrodada
44%
Ferroverdor
44%
Palafin
44%
Rookidee
44%
Ting-Lu
44%
Garganacl
43%
Lechonk
43%
Dolliv
42%
Frigibax
42%
Kilowattrel
42%
Overqwil
42%
Silicobra
42%
Archaludon
40%
Dubwool
40%
Dudunsparce
40%
Poltchageist
40%
Sinistcha
40%
Stonjourner
40%
Varoom
40%
Wattrel
40%
Dracozolt
39%
Ceruledge
38%
Chi-Yu
38%
Dottler
38%
Floragato
38%
Hydrapple
38%
Impidimp
38%
Orthworm
38%
Rellor
38%
Rolycoly
38%
Tandemaus
38%
Arctozolt
36%
Clobbopus
33%
Dipplin
33%
Ferropúas
33%
Flapple
33%
Glastrier
33%
Greedent
33%
Lokix
33%
Nickit
33%
Quaxwell
33%
Spidops
33%
Thievul
33%
Thwackey
33%
Toxtricity
33%
Wugtrio
33%
Arctibax
31%
Blipbug
31%
Boltund
31%
Bramblin
31%
Bramaluna
30%
Electrofuria
30%
Hattrem
30%
Morgrem
30%
Okidogi
30%
Bombirdier
29%
Colagrito
29%
Drakloak
29%
Munkidori
29%
Rabsca
29%
Snom
29%
Ferrosaco
27%
Finizen
27%
Flittle
27%
Furioseta
27%
Grapploct
27%
Klawf
27%
Pecharunt
27%
Colmilargo
25%
Maschiff
25%
Oinkologne
25%
Raboot
25%
Veluza
25%
Wo-Chien
25%
Espathra
23%
Greavard
23%
Revavroom
23%
Tadbulb
23%
Milcery
21%
Tinkatink
21%
Appletun
20%
Bellibolt
19%
Capsakid
19%
Cetoddle
19%
Grafaiai
19%
Reptalada
19%
Carkol
18%
Copperajah
18%
Ferrotesta
18%
Pincurchin
17%
Spectrier
17%
Fezandipiti
15%
Shroodle
15%
Squawkabilly
15%
Naclstack
14%
Nymble
13%
Pelarena
13%
Drednaw
11%
Tarountula
10%
Toedscruel
10%
Eiscue
9%
Glimmet
9%
Drizzile
8%
Ferromole
8%
Dachsbun
0%
Ondulagua
0%
No se encontraron pruebas coincidentes
Distribución de puntuación
Porcentaje de gente con cada puntuación
Porcentaje por número respondido
Historial de tus puntuaciones
No has intentado esta prueba.